| 000 | 00863cad a22002055a 4500 | ||
|---|---|---|---|
| 001 | E150002 | ||
| 008 | 100524e20100521xxk 000 0 eng d | ||
| 035 | _a(Sirsi) u150002 | ||
| 041 | 0 | _aeng | |
| 110 | 2 |
_aScotland _bScottish Government _95344 |
|
| 245 | 0 | 0 |
_aHousing reform _h[electronic resource] |
| 260 | _c2010 | ||
| 490 |
_aScottish Government News Release _v21 May 2010 |
||
| 520 | _aThe Housing Policy Advisory Group has replaced the Housing Supply Task Force, and will advise the Scottish Government on issues to be set out in the forthcoming housing policy reform discussion document. | ||
| 590 | _aKA | ||
| 651 | 4 |
_aScotland _y1999- |
|
| 690 | _aPROPERTY-RESIDENTIAL PROPERTY-DOMESTIC RESIDENTIAL PROPERTY-HOUSING | ||
| 856 | 4 | 0 |
_uhttps://www.scotland.gov.uk/News/Releases/2010/05/21095432 _zView the news release at www.scotland.gov.uk |
| 942 | _n0 | ||
| 999 |
_c82357 _d82357 |
||